000 00489nam a2200205 a 4500
005 20210219152821.0
008 991125n 000 0 eng u
035 _aUPN01000062305
100 _aKING, Mathew
222 _aPHI DELTA KAPPAN
245 _aA good start
300 _a356-360
362 _a2000 81 (5)
653 0 _aENTREVISTA
653 0 _aESCUELA
653 0 _aSELECCION DE ALUMNOS
700 _aBLUMER, Irwin, coaut.
904 _aAC
_b000116
905 _aArticulo
999 _c61642
_d61642